00298nam a2200121Ia 45000030006000000080041000060400015000471000014000622450062000762600009001385460012001470050017001590STCL150530s9999 xx 000 0 und d aSTCLcSTCL aUhl, L.L. aGunter flora vines creepers plant shrubs bushes and trees c1930 aEnglish20220125170407.0